Statistics for Валутите в света

Click here to take the quiz!

General Stats

  • This quiz has been taken 155 times
  • The average score is 106 of 196

Answer Stats

CountryCapital City% Correct
Българиялев
98%
Австрия | Андора | Белгия | +22 othersевро
96%
Австралия | Антигуа и Барбуда | Барбадос | +31 othersдолар
92%
Турциялира
80%
Великобритания | Египет | Ливан | +3 othersпаунд
75%
Алжир | Бахрейн | Ирак | +5 othersдинар
68%
Беларус | Русиярубла
66%
Дания | Исландия | Норвегия | +2 othersкрона
61%
Аржентина | Доминиканска република | Колумбия | +5 othersпесо
58%
Бенин | Буркина Фасо | Бурунди | +19 othersфранк
57%
Молдова | Румъниялея
57%
Японияйена
47%
Полшазлота
42%
Индия | Индонезия | Мавриций | +4 othersрупия
42%
Македонияденар
41%
Унгарияфоринт
38%
Китайюан
37%
Босна и Херцеговинамарка
35%
Албаниялек
34%
Хърватиякуна
34%
Северна Корея | Южна Кореявон
31%
Бразилияреал
30%
Иран | Йемен | Катар | +2 othersриал
27%
Украйнагривня
26%
Мароко | ОАЕдирхам
25%
Тайландбат
25%
ЮАРранд
24%
Израелшекел
24%
Кения | Сомалия | Танзания | Угандашилинг
23%
Виетнамдонг
23%
Казахстантенге
19%
Азербайджан | Туркменистанманат
19%
Бангладештака
17%
Армениядрам
17%
Киргизстан | Узбекистансом
16%
Малайзиярингит
16%
Хаитигурд
16%
Хондураслемпира
16%
Венецуелаболивар
15%
Коста Рикаколон
15%
Малдивируфия
15%
Грузиялари
14%
Етиопиябир
14%
Еритреянакфа
14%
Сиера Леонелеоне
14%
Монголиятугрик
13%
Гватемалакветзал
13%
Вануатувату
13%
Никарагуакордоба
12%
Перусол
12%
Анголакванза
12%
Нигериянайра
11%
Сао Томе и Принсипидобра
11%
Афганистанафгани
11%
Тонгапаанга
11%
Лаоскип
11%
Кабо Вердеескудо
11%
Самоатала
10%
Бутаннгултрум
10%
Ботсванапула
10%
Боливияболивиано
10%
Папуа Нова Гвинеякина
9%
Панамабалбоа
9%
Мозамбикметикал
9%
Таджикистансамани
9%
Замбия | Малавиквача
9%
Камбоджариел
9%
Гамбиядаласи
9%
Ганаседи
9%
Мианмаркиат
8%
Парагвайгуарани
6%
Мавританияогия
6%
Мадагаскарариари
6%
Есватинилилангени
5%
Лесотолоти
4%

Score Distribution

Percentile by Number Answered

Percent of People with Each Score

Your Score History

You have not taken this quiz